000
00235nam a2200109Ia 4500
008
190216s9999||||xx |||||||||||||| ||und||
100
_a
S L Puram
245
0
_a
Chirikkatha Veedukal
260
_b
Null
650
_a
Nadakam
942
_c
BK
999
_c
23741
_d
23741